Économie de la mondialisation (notice n° 1706623)

détails MARC
000 -LEADER
fixed length control field 01057cam a2200145 4500500
005 - DATE AND TIME OF LATEST TRANSACTION
control field 20260322000459.0
041 ## - LANGUAGE CODE
Language code of text/sound track or separate title fre
042 ## - AUTHENTICATION CODE
Authentication code dc
100 10 - MAIN ENTRY--PERSONAL NAME
Personal name Joubert, Mickaël
Relator term author
245 00 - TITLE STATEMENT
Title Économie de la mondialisation
260 ## - PUBLICATION, DISTRIBUTION, ETC.
Name of publisher, distributor, etc. Armand Colin,<br/>
Date of publication, distribution, etc. 2015.<br/>
520 ## - SUMMARY, ETC.
Summary, etc. Depuis les années 1980, une nouvelle phase de mondialisation modifie en profondeur les structures et les équilibres de l’économie mondiale. Pour rendre la complexité du phénomène plus intelligible, cet ouvrage explore la mondialisation contemporaine dans une approche à la fois analytique et historique. La première permet de distinguer les différentes dimensions du processus de mondialisation (commerce, production, finance et gouvernance) alors que la seconde s’attache à souligner ses particularités et ressemblances avec la phase de mondialisation qui s’est jouée à la fin du XIXe siècle.
700 10 - ADDED ENTRY--PERSONAL NAME
Personal name Lorrain, Lionel
Relator term author
856 41 - ELECTRONIC LOCATION AND ACCESS
Uniform Resource Identifier <a href="https://shs.cairn.info/economie-de-la-mondialisation--9782200600136?lang=fr&redirect-ssocas=7080">https://shs.cairn.info/economie-de-la-mondialisation--9782200600136?lang=fr&redirect-ssocas=7080</a>

Pas d'exemplaire disponible.

PLUDOC

PLUDOC est la plateforme unique et centralisée de gestion des bibliothèques physiques et numériques de Guinée administré par le CEDUST. Elle est la plus grande base de données de ressources documentaires pour les Étudiants, Enseignants chercheurs et Chercheurs de Guinée.

Adresse

627 919 101/664 919 101

25 boulevard du commerce
Kaloum, Conakry, Guinée

Réseaux sociaux

Powered by Netsen Group @ 2025